[Event "Titled Tue 9th Jan Early"]
[Site "chess.com INT"]
[Date "2024.01.09"]
[Round "9"]
[White "Aravindh, Chithambaram VR."]
[Black "Samunenkov, Ihor"]
[Result "1-0"]
[WhiteElo "2662"]
[BlackElo "2533"]
[PlyCount "201"]
[EventDate "2024.01.09"]

1. b3 d5 2. Bb2 c5 3. Nf3 Nf6 4. e3 g6 5. c4 dxc4 6. Bxc4 Bg7 7. O-O O-O 8. Nc3 Nc6 9. Rc1 b6 10. Be2 Bb7 11. Nb5 $146 ({RR} 11. d3 e5 12. Nd2 Qe7 13. a3 Rfd8 14. Qc2 Rac8 15. Qb1 Qe6 16. Nc4 Ne7 17. b4 Nf5 18. Rfd1 Nh4 19. e4 Nh5 20. g3 Nf4 21. Bf1 Nf3+ 22. Kh1 Qg4 23. Nd2 Nxd2 24. Rxd2 Ne6 25. Nd5 Rxd5 {Kavutskiy,K (2345)-Samunenkov,I (2532) chess.com INT 2024 ½-½ (47)}) 11... a6 12. Nc3 e6 13. Na4 Ne7 14. d4 cxd4 15. Bxd4 b5 16. Nc5 Bd5 17. a4 bxa4 18. bxa4 Bxf3 19. Bxf3 Nfd5 20. Bxg7 Kxg7 21. Qd4+ Kg8 22. e4 Nb6 23. Qa1 a5 24. Rfd1 Qe8 25. Rb1 Rc8 26. Qd4 Nc6 27. Qf6 Nb4 28. Nb7 Nc4 29. Nxa5 Qxa4 30. Nxc4 Rxc4 31. h4 h5 32. Rd6 Qc2 33. Rbd1 Qc3 34. Qg5 Qg7 35. Rd7 Rcc8 36. Rb7 Nc6 37. g3 Ne5 38. Bg2 Ng4 39. f3 Ne5 40. Qe3 Rcd8 41. Re1 Nd3 42. Rf1 Qd4 43. Qxd4 Rxd4 44. Rd1 Rfd8 45. Rbb1 Ne5 46. Rxd4 Rxd4 47. Rb5 Nd7 48. Bf1 Rd2 49. Rb7 Ne5 50. Rb3 Kg7 51. Bb5 Rd1+ 52. Kf2 Rd8 53. Be2 Rd2 54. Ke3 Rd8 55. Rb5 Nc6 56. Rc5 Nd4 57. Bf1 Rd7 58. Rc8 e5 59. Rc5 Kf6 60. f4 exf4+ 61. gxf4 Ne6 62. Rc6 Kg7 63. Bh3 Re7 64. Bxe6 fxe6 65. Kd4 Kf6 66. Rc8 Rd7+ 67. Ke3 Rd1 68. Rc7 Rh1 69. Kf3 Rf1+ 70. Kg3 e5 71. Rc6+ Kf7 72. fxe5 Re1 73. Kf4 Rf1+ 74. Kg5 Rg1+ 75. Kh6 Rg4 76. Rf6+ Ke7 77. Rxg6 Rxh4 78. Kg5 Rxe4 79. Kf5 Re1 80. Rg7+ Ke8 81. Ra7 h4 82. Rh7 h3 83. Rxh3 Ra1 84. Rh8+ Ke7 85. Rh7+ Ke8 86. Kf6 Rf1+ 87. Ke6 Kf8 88. Rh8+ Kg7 89. Ra8 Re1 90. Rb8 Re2 91. Re8 Re1 92. Kd7 Rd1+ 93. Ke7 Ra1 94. Rd8 Ra7+ 95. Rd7 Ra8 96. Rd8 Ra7+ 97. Ke8 Kg6 98. Rd6+ Kf5 99. e6 Ra8+ 100. Kf7 Ke5 101. Rd1 1-0

[Event "Titled Tue 9th Jan Early"]
[Site "chess.com INT"]
[Date "2024.01.09"]
[Round "11"]
[White "Aravindh, Chithambaram VR."]
[Black "Svane, R."]
[Result "1-0"]
[WhiteElo "2662"]
[BlackElo "2637"]
[PlyCount "151"]
[EventDate "2024.01.09"]

1. b3 d5 2. Bb2 Nf6 3. Nf3 Bf5 4. e3 h6 5. c4 c6 6. Nc3 e6 7. d4 ({RR} 7. Be2 Be7 8. O-O O-O 9. d4 Nbd7 10. Rc1 Bh7 11. Bd3 Ne4 12. Qc2 Ndf6 13. Nd2 Nxc3 14. Bxh7+ Nxh7 15. Bxc3 Nf6 16. e4 Nxe4 17. Nxe4 dxe4 18. Qxe4 Bf6 19. Rfd1 Qe7 20. Rd3 Rfd8 21. Rcd1 Rd7 {Melikyan,G (2239)-Pniaczek,M (2132) chess.com INT 2025 1-0 (73)}) 7... Bd6 8. Bd3 O-O 9. O-O Re8 $146 ({RR} 9... Nbd7 10. Qc2 Bg4 11. Nd2 e5 12. cxd5 exd4 13. exd4 cxd5 14. h3 Bh5 15. Rfe1 Rc8 16. a3 Qb6 17. g4 Qxd4 18. gxh5 Qf4 19. Nf1 d4 20. Rad1 Qg5+ 21. Kh1 Qxh5 22. Bf5 dxc3 23. Bc1 Bb8 24. Nh2 {Oparin,G (2670)-Sychev,K (2556) chess.com INT 2023 1-0 (31)}) 10. Re1 Nbd7 11. e4 dxe4 12. Nxe4 Bxe4 13. Bxe4 Nxe4 14. Rxe4 Qa5 15. Qc2 Ba3 16. Rae1 Bxb2 17. Qxb2 Rad8 18. g3 Nf6 19. Re5 Qc7 20. Kg2 b6 21. Qc1 Ng4 22. R5e4 Nf6 23. Re5 c5 24. dxc5 bxc5 25. Qf4 Qc6 26. Kg1 Rd3 27. R5e3 Rxe3 28. Qxe3 Rd8 29. Ne5 Qc7 30. Qe2 Rd4 31. Nf3 Re4 32. Qd1 Rxe1+ 33. Nxe1 Qe5 34. Nf3 Qe4 35. Kg2 g5 36. h3 Kg7 37. Qe1 Qc2 38. Qd2 Qe4 39. Qc3 h5 40. Qe5 Qxe5 41. Nxe5 Ne4 42. Nc6 a6 43. Nb8 a5 44. Nc6 Kf6 45. Nxa5 Ke5 46. Nb7 Kd4 47. a4 Nf6 48. Nd8 Kc3 49. Nxf7 Kxb3 50. a5 Nd7 51. a6 Nb6 52. Nxg5 Kxc4 53. Nxe6 Kd5 54. Nxc5 Kxc5 55. Kf3 Kb5 56. Kf4 Kxa6 57. Kg5 Kb5 58. Kxh5 Kc6 59. Kg6 Nd7 60. h4 Kd6 61. h5 Ke7 62. h6 Nf8+ 63. Kf5 Kf7 64. g4 Ng6 65. f4 Nh4+ 66. Kg5 Ng6 67. f5 Ne5 68. Kf4 Nd3+ 69. Kg3 Kf6 70. g5+ Kf7 71. g6+ Kf6 72. h7 Kg7 73. f6+ Kh8 74. f7 Kg7 75. h8=Q+ Kxh8 76. f8=Q# 1-0

[Event "Titled Tue 16th Jan Early"]
[Site "chess.com INT"]
[Date "2024.01.16"]
[Round "8"]
[White "So, W."]
[Black "Krzyzanowski, M."]
[Result "1-0"]
[WhiteElo "2757"]
[BlackElo "2519"]
[PlyCount "91"]
[EventDate "2024.01.16"]

1. b3 d5 2. Bb2 Nf6 3. Nf3 g6 4. c4 dxc4 5. bxc4 c5 6. g3 Bg7 7. Bg2 O-O 8. O-O Nc6 9. Ne5 Nxe5 10. Bxe5 Ne8 11. Bxg7 Nxg7 12. Nc3 Rb8 13. Qa4 $146 ({RR} 13. d3 b6 14. a4 Bb7 15. a5 Bxg2 16. Kxg2 Nf5 17. Qa4 h5 18. Rfb1 Kg7 19. h4 Rh8 20. axb6 axb6 21. Qb3 Qd4 22. Ne4 Rhc8 23. Qb5 Nd6 24. Nxd6 Qxd6 25. Ra6 Rc6 26. Kf1 Qe6 27. Ra7 Rd6 {Bakalar,P (2241)-Simet,M (2025) Czech Republic 2016 1-0 (63)}) ({RR} 13. d3 b6 14. Qa4 Qd7 15. Qxd7 Bxd7 16. Nd5 Rfe8 17. a4 Nf5 18. a5 b5 19. Nc7 Red8 20. cxb5 Bxb5 21. Rfc1 Nd4 22. Rxc5 Nxe2+ 23. Kh1 Bxd3 24. Nd5 Rd7 25. Re1 Rb5 26. Rc8+ Kg7 27. Nc7 Rb1 {Zaloznyy,M (2144)-Goroshkov,M (2363) chess.com INT 2024 0-1 (31)}) 13... a6 14. d3 Nf5 15. Rab1 h5 16. Ne4 Nd4 17. e3 Ne6 18. Qa3 Qc7 19. f4 f5 20. Nc3 Kh7 21. Nd5 Qd8 22. Nb6 Bd7 23. Bd5 Rf6 24. Nxd7 Qxd7 25. Rb6 Nxf4 26. Rxf6 Nxd5 27. Rf7+ Kg8 28. Qxc5 Kxf7 29. cxd5 Qd6 30. Qd4 Qf6 31. Qf4 Rc8 32. e4 Qd4+ 33. Kh1 Qxd3 34. exf5 Qxd5+ 35. Kg1 gxf5 36. Qg5 Qd4+ 37. Rf2 Rc5 38. Qxh5+ Ke6 39. Kg2 Qe4+ 40. Kh3 Kd6 41. Re2 Qd5 42. Qh6+ Kc7 43. Rxe7+ Kb8 44. a4 Ka7 45. Qe3 Kb8 46. a5 1-0

[Event "Titled Tue 16th Jan Early"]
[Site "chess.com INT"]
[Date "2024.01.16"]
[Round "10"]
[White "Terry, R."]
[Black "Durarbayli, Vasif"]
[Result "1-0"]
[WhiteElo "2522"]
[BlackElo "2627"]
[PlyCount "109"]
[EventDate "2024.01.16"]

1. b3 d5 2. Bb2 c5 3. e3 a6 4. Nf3 Nc6 5. d4 Nf6 6. Bd3 ({RR} 6. Nbd2 Bf5 7. dxc5 e6 8. Nd4 Bxc5 9. Nxf5 exf5 10. Bd3 g6 11. O-O O-O 12. a3 b5 13. b4 Bd6 14. a4 Nxb4 15. axb5 Ng4 16. Nf3 Qb8 17. Be2 axb5 18. Rxa8 Qxa8 19. h3 Nh6 20. Qd4 f6 {Nakamura,H (2736)-Vidit,S (2727) Chess.com INT 2021 1-0 (41)}) ({RR} 6. c4 dxc4 7. bxc4 e6 8. Nc3 cxd4 9. exd4 Be7 10. d5 exd5 11. cxd5 Nb4 12. Bc4 b5 13. Bb3 Bf5 14. O-O Nd3 15. Qe2 Nxb2 16. Qxb2 O-O 17. Rad1 Bc5 18. Nd4 Bg4 19. Rd2 Qb6 20. Nde2 Rad8 {Slade,T (2070)-Drozdowski,K (2450) chess.com INT 2025 0-1 (44)}) 6... cxd4 ({RR} 6... Bg4 7. h3 Bh5 8. Nbd2 e6 9. O-O cxd4 10. exd4 Rc8 11. a3 Bd6 12. Re1 O-O 13. Qe2 b5 14. b4 Nd7 15. Nb3 Nb6 16. Nc5 Ra8 17. g4 Bg6 18. Bxg6 hxg6 19. Bc1 Nc4 20. Bg5 Qc8 21. Nd3) ({RR} 6... Bg4 7. a3 cxd4 8. exd4 e6 9. Nbd2 Bd6 10. Qe2 Qc7 11. h3 Bh5 12. g4 Bg6 13. Bxg6 hxg6 14. Ne5 Bxe5 15. dxe5 Nd7 16. f4 b5 17. O-O-O O-O-O 18. Kb1 Kb7 19. Nf3 Nc5 20. Ng5 Rd7 21. Qf2 {Sankalp,G (2532)-Durarbayli,V (2627) chess.com INT 2024 1-0 (39)}) 7. exd4 Nb4 $146 ({RR} 7... g6 8. h3 Bg7 9. a3 O-O 10. O-O Nh5 11. Qd2 Qb6 12. Be2 Nf6 13. Bd3 Ne4 14. Qe3 f5 15. Bxe4 fxe4 16. Ne5 Nxe5 17. dxe5 Qe6 18. Nd2 Bxe5 19. Bxe5 Qxe5 20. f4 Qf6 21. c4 e6 22. Rac1 {Grosselli,M (1789)-De Siqueira,L (2155) Manaus/AM 2024 0-1 (41)}) ({RR} 7... Bg4 8. O-O e6 9. Nbd2 Bd6 10. c4 O-O 11. Qe1 Nd7 12. cxd5 exd5 13. Ne5 Ncxe5 14. dxe5 Bc5 15. Ne4 dxe4 16. Qxe4 Qh4 17. h3 Bxf2+ 18. Rxf2 Nc5 19. Qxg4 Qxg4 20. Bxh7+ Kxh7 21. hxg4 Nd3 22. Rd2) 8. Be2 Bf5 9. Na3 e6 10. O-O Be7 11. c3 Nc6 12. Nc2 h6 13. Ne3 Be4 14. Ne5 Rc8 15. c4 O-O 16. Nxc6 Rxc6 17. c5 Bh7 18. b4 Ne4 19. f3 Bg5 20. Nc2 Nf6 21. a4 Nh5 22. g3 Be7 23. Bd3 Bxd3 24. Qxd3 Nf6 25. Rfe1 Qb8 26. Kg2 Rcc8 27. Re2 Nd7 28. Ne3 Rfe8 29. Rae1 Bf8 30. Ng4 b5 31. Ra1 Qb7 32. axb5 axb5 33. Ra5 Rb8 34. Bc1 Qc6 35. Rea2 e5 36. Nxe5 Nxe5 37. dxe5 d4 38. Qxd4 Rbd8 39. Qe4 Qe6 40. Be3 Rd1 41. Qc2 Red8 42. Bf2 Qxe5 43. Qe2 Qf5 44. Rxb5 Rc1 45. Rba5 Rb8 46. b5 Qb1 47. b6 Rd1 48. Rb2 Qc1 49. Rc2 Qb1 50. Raa2 Rd5 51. Rab2 Qa1 52. c6 Rh5 53. c7 Rc8 54. b7 Rxc7 55. Rxc7 1-0

[Event "Titled Tue 16th Jan Late"]
[Site "chess.com INT"]
[Date "2024.01.16"]
[Round "11"]
[White "Andreikin, D."]
[Black "Dominguez Perez, L."]
[Result "1-0"]
[WhiteElo "2729"]
[BlackElo "2752"]
[PlyCount "83"]
[EventDate "2024.01.16"]

1. Nf3 Nf6 2. c4 c5 3. g3 Nc6 4. Bg2 g6 5. b3 Bg7 6. Bb2 O-O 7. O-O d6 8. d3 e5 ({RR} 8... a6 9. Nbd2 Rb8 10. e3 b5 11. Qe2 Bd7 12. Rfd1 e5 13. Ne4 Qe7 14. Nfd2 Nxe4 15. Nxe4 f5 16. Nc3 Kh8 17. Re1 g5 18. Nd5 Qf7 19. f4 gxf4 20. gxf4 Ne7 21. Kh1 Nxd5 22. Bxd5 Be6 23. Bxe6 {Hickl,J (2552)-Wagner,A (2400) Germany 1999 ½-½ (51)}) 9. Nbd2 h6 10. a3 ({RR} 10. e3 Nh7 11. Qc2 f5 12. a3 Be6 13. Rfe1 g5 14. d4 e4 15. d5 Bxb2 16. Qxb2 exf3 17. Bxf3 Ne5 18. dxe6 Nd3 19. Qc2 Nxe1 20. Rxe1 Qe7 21. Bd5 Rf6 22. e4 Raf8 23. e5 dxe5 24. Rxe5 g4 {Malcanek,J (2016)-Pilch,R (2189) Czech Republic CZE 2025 1-0 (40)}) 10... Be6 11. Qb1 $146 ({RR} 11. e3 Nd7 12. Qc2 f5 13. Rfe1 Bf7 14. h3 Qc7 15. Nh2 Nf6 16. Rad1 Rad8 17. Nb1 b6 18. Bxc6 Qxc6 19. e4 Be6 20. h4 Rf7 21. Nc3 Rdf8 22. f3 Nh5 23. Ne2 Bf6 24. Bc1 f4 25. gxf4 Bxh4 {Jantzen,H (2179)-Urban,R (2071) Hamburg 2017 0-1 (34)}) 11... Qd7 12. b4 b6 13. b5 Ne7 14. Rd1 Bh3 15. Bh1 Ng4 16. a4 f5 17. a5 Rab8 18. axb6 axb6 19. Ra6 g5 20. Qa1 Ng6 21. Ra7 Qd8 22. Qa6 Kh8 23. Ra1 Rg8 24. Rb7 Rxb7 25. Qxb7 Bf6 26. Bg2 Bxg2 27. Kxg2 Qf8 28. h3 e4 29. Bxf6+ Qxf6 30. Ra7 exf3+ 31. exf3 Rg7 32. Qxg7+ Qxg7 33. Rxg7 Kxg7 34. hxg4 fxg4 35. fxg4 Ne5 36. Ne4 Nxd3 37. Nxd6 Nb2 38. f4 Kf8 39. f5 Ke7 40. Nc8+ Kd8 41. Nxb6 Kc7 42. f6 1-0

[Event "GRENKE Chess Classic"]
[Site "Karlsruhe, Germany"]
[Date "2024.03.31"]
[Round "10.3"]
[White "Keymer, Vincent"]
[Black "Ding, Liren"]
[Result "1-0"]
[WhiteElo "2627"]
[BlackElo "2818"]
[Annotator "Stockfish 16"]
[PlyCount "61"]
[EventDate "2024.??.??"]

{[%evp 0,61,30,30,30,-7,-7,-10,12,-47,-24,-28,20,-19,-33,-13,-24,-31,-9,-28,-5,-18,-1,2,-1,-11,-1,-10,-8,3,18,7,0,-16,-14,-24,33,63,13,73,64,104,132,91,192,216,212,212,260,225,318,263,423,318,307,328,332,296,302,310,312,311,314,312]} 1. Nf3 d5 2. g3 Nf6 3. Bg2 g6 4. c4 dxc4 5. Qa4+ Nfd7 6. h4 ({RR} 6. Qxc4 Bg7 7. O-O O-O 8. d3 c5 9. Nc3 Nc6 10. Be3 b6 11. Qh4 Bb7 12. d4 cxd4 13. Nxd4 Nxd4 14. Bxd4 Bxg2 15. Kxg2 Nf6 16. Rfd1 Qc7 17. Rac1 Qb7+ 18. f3 Rfd8 19. Qf4 Rac8 20. Qe3 h5 {Grischuk,A (2777)-Aronian,L (2773) chess24.com INT 2020 0-1 (97)}) ({RR} 6. O-O Bg7 7. Qxc4 O-O 8. d3 Nb6 9. Qh4 Nc6 10. Nc3 a5 11. Bh6 f6 12. Bxg7 Kxg7 13. d4 Nb4 14. Rfd1 c6 15. Qf4 a4 16. e4 Nc4 17. Qc1 a3 18. bxa3 Nxa3 19. Qb2 {½-½ (19) Dunnington,A (2256)-Urh,Z (2256) Darlington ENG 2024}) 6... Nc6 $146 ({RR} 6... h5 7. Ng5 Bg7 8. Na3 O-O 9. Nxc4 Na6 10. O-O Nb6 11. Nxb6 axb6 12. d3 Bd7 13. Qc4 Nc5 14. Rb1 Bc6 15. Bxc6 bxc6 16. b4 Na4 17. Bd2 Qd5 18. Rfc1 Rfc8 19. Rc2 Qxc4 20. Rxc4 c5 21. bxc5 {Vulevic,V (2293)-Liepold,S (2254) Basel 2011 0-1 (83)}) 7. Qxc4 Bg7 8. Nc3 Nb6 9. Qb3 h6 10. d3 O-O 11. O-O e5 12. Ne4 a5 13. Bd2 Bg4 14. Qd1 Nd5 15. Rc1 Nd4 16. Nxd4 exd4 17. Qb3 c6 $6 {Inaccuracy. Rb8 was best.} (17... Rb8) 18. Qxb7 Bxe2 $6 {Inaccuracy. Rb8 was best.} (18... Rb8 19. Qxc6 Rxb2 20. Rc2 Rxc2 21. Qxc2 Qc8 22. Qxc8 Rxc8 23. Nd6 Rc5 24. Nb7 Rc2 25. Bxd5) 19. Rfe1 Bxd3 20. Nc5 Rb8 21. Qxc6 Rxb2 $2 {Mistake. Nb4 was best.} (21... Nb4 22. Bxb4 Bb5 23. Nb7 Bxc6 24. Nxd8 Rfxd8 25. Bxa5 Bxg2 26. Kxg2 Rd5 27. b4 Ra8 28. Red1) 22. Bxd5 Bb5 23. Qb7 d3 24. Ne6 fxe6 $6 {Inaccuracy. Qb8 was best.} (24... Qb8 25. Nxf8) 25. Rxe6 Kh8 26. Rxg6 Bd7 27. Rxh6+ Bxh6 28. Qxb2+ Bg7 29. Bc3 Bxc3 30. Qxc3+ Qf6 31. Be4 1-0

[Event "Sharjah Master 2024"]
[Site "Shsrjah - Abu Dhabi"]
[Date "2024.05.15"]
[Round "2.10"]
[White "Maghsoodloo, Parham"]
[Black "Sethuraman, S.P."]
[Result "1-0"]
[WhiteElo "2732"]
[BlackElo "2588"]
[Annotator "Stockfish 16.1"]
[PlyCount "117"]
[EventDate "2024.05.14"]
[EventCountry "UAE"]

{[%evp 9,117,9,7,14,14,9,19,21,15,24,42,40,43,39,50,16,33,-27,0,1,32,-39,98,45,121,120,121,123,134,96,92,19,18,9,5,4,7,7,3,3,19,30,36,24,21,5,5,12,256,239,224,193,193,193,200,202,193,188,189,188,202,194,189,190,253,235,258,263,239,262,299,291,293,200,203,191,285,272,283,302,344,340,391,391,409,418,410,408,409,355,342,340,391,391,510,510,510,510,508,508,670,670,670,670,670,670,669,667,29965,471]} 1. Nf3 Nf6 2. g3 c5 3. Bg2 Nc6 4. O-O e5 5. e4 d6 6. d3 g6 7. c4 $146 ({RR} 7. Nc3 Bg7 8. Nd2 O-O 9. Nc4 Bg4 10. Bf3 Bxf3 11. Qxf3 d5 12. exd5 Nd4 13. Qd1 (13. Qg2 $15) 13... Nxd5 14. Be3 Rc8 15. a4 Nb4 16. Rc1 f5 17. Re1 ({White should try} 17. Nb5 $1 $15) 17... Nbc6 18. Nb5 Qd7 19. Bxd4 cxd4 20. Qf3 (20. c3 $15) 20... Rce8 21. Qg2 Re6 {Daneshvar,B (2597)-Dominguez Perez,L (2752) chess.com INT 2024 1-0}) ({RR} 7. c3 Bg7 8. a3 O-O 9. b4 a6 10. Nbd2 b5 11. Rb1 Nd7 12. Nb3 Nb6 13. Bg5 Qd7 14. Qd2 Na4 15. Rfc1 Bb7 16. c4 Nd4 $1 17. bxc5 dxc5 18. cxb5 $1 Nxb3 19. Rxb3 axb5 20. Be3 Rfc8 21. h4 {½-½ (21) Hausrath,D (2462)-Kurmann,O (2438) Munich GER 2024}) ({RR} 7. Nc3 Bg7 8. Nd2 O-O 9. Nc4 Rb8 10. a4 a6 11. a5 Be6 12. Nd5 Bxd5 13. exd5 Ne7 14. Bg5 h6 15. Bxf6 $1 Bxf6 16. Rb1 Qc7 17. b4 cxb4 18. Qd2 Bg7 19. Qxb4 Nc8 20. Kh1 Rd8 21. f4 exf4 {Blohberger,F (2531)-Georgescu,L (2218) Basel SUI 2024 1-0 (55)}) ({RR} 7. a3 Bg7 8. c3 O-O 9. b4 a6 10. Nbd2 b5 11. Rb1 Nd7 12. Nb3 cxb4 13. axb4 Nb6 14. Be3 Be6 15. Qd2 Rc8 16. Rfc1 Re8 17. h4 Na4 18. c4 h5 19. Kh2 Bg4 20. cxb5 axb5 21. Na5 Nd4 {Carlsen,M (2822)-Karjakin,S (2773) Saint Louis 2017 1-0 (42)}) ({RR} 7. Nc3 Bg7 8. Nd2 O-O 9. Nc4 Bg4 10. f3 Be6 11. Ne3 d5 12. exd5 Nxd5 13. Nexd5 Bxd5 14. Nxd5 Qxd5 15. Be3 Qd6 16. Qd2 Rad8 17. Rae1 c4 18. Qf2 cxd3 19. Bc5 Qd5 20. Bxf8 Bxf8 21. Qd2 Qc5+ {Shuvalova,P (2500)-Paravyan,D (2596) chess.com INT 2025 0-1 (104)}) 7... h5 $146 ({RR} 7... Bg7 8. Nc3 O-O 9. Ne1 Bg4 10. f3 Bd7 11. Nc2 a6 12. a4 Ne8 13. Rb1 Rb8 14. Be3 Nc7 15. b4 b6 16. b5 axb5 17. axb5 Nd4 18. Bd2 h5 19. Nxd4 exd4 20. Ne2 Qc8 21. Bf4 Be5 22. Bh6 {Narayanan,S (2661)-Nguyen,T (2649) Jermuk ARM 2023 ½-½ (59)}) 8. Nc3 {The position is equal.} Bg4 9. Bg5 Be7 10. Qd2 Bxf3 11. Bxf3 Nd5 12. Bxe7 ({Don't play} 12. cxd5 Bxg5 13. Qd1 Nd4 $11) 12... Ndxe7 13. Bd1 (13. h4 $1 $14) 13... h4 14. g4 Qd7 15. h3 (15. f4 $14) 15... Kf8 $2 {Mistake. f5 was best.} (15... f5 16. f3) (15... f5 $15 {stays ahead.}) 16. Ba4 Qe6 $6 {Inaccuracy. Kg7 was best.} (16... Kg7 17. f4) ({Better is} 16... Kg7 $14) 17. Bxc6 bxc6 18. f4 exf4 19. Qxf4 $6 {Inaccuracy. Rxf4 was best.} (19. Rxf4 Kg7 20. Raf1 Rhf8 21. e5 $1 dxe5 22. Rf6 $1 {[%cal Rf6e6]} Qd7 23. Ne4 $1 Rad8 24. Qf2 Qd4) 19... Kg7 20. g5 $6 {Inaccuracy. e5 was best.} (20. e5 dxe5 21. Qe3 $1 Rhf8 22. Ne4 Ng8 23. Rae1 Rae8 24. Nxc5 Qd6 25. Ne4 $1 {[%cal Re4d6]} Qb8) (20. e5 $16 dxe5 21. Qe3) 20... Rh5 $11 21. Qf6+ Kg8 22. Kh2 Rd8 23. Qxe6 fxe6 24. Rf6 e5 25. Rg1 $36 {[%mdl 2048] White fights for an advantage.} Kg7 26. Rgf1 {Strongly threatening Rf7+.} Kg8 $1 27. Nd1 {Black should prevent Nf2.} Rxg5 28. Ne3 {And now Ng4 would win.} Rh5 $4 {Blunder. Rg3 was best.} (28... Rg3 29. Ng4 Rxd3 30. b3 a5 31. Re6 Rd2+ 32. Kg1 Re8 33. Nh6+ Kg7 34. Nf7) (28... Rg3 $11 {and Black has nothing to worry.} 29. Ng4 Rxd3) 29. Ng4 $18 Rh7 30. Re6 Rg7 31. Rff6 Nc8 32. Rxg6 Rxg6 33. Rxg6+ {[%mdl 4096] Endgame KRN-KRN} Kf7 34. Rh6 $1 Kg7 35. Rxh4 Rf8 36. Ne3 Rf2+ $6 {Inaccuracy. Ne7 was best.} (36... Ne7 {[#]} 37. Kg3 $1 Rb8 38. b3 Rf8 39. Rg4+ Kf6 40. h4 Ng6 41. Rg5 Rh8 42. Ng4+) (36... Ne7 $142) 37. Kg1 Rxb2 38. Nf5+ Kg8 39. Rg4+ Kf8 $6 {Inaccuracy. Kh8 was best.} (39... Kh8 40. Rg2) 40. h4 Ne7 41. Nxd6 Rxa2 42. h5 Rd2 $6 {Inaccuracy. a5 was best.} (42... a5 43. h6) (42... a5 {was necessary.}) 43. Rg3 Ng8 44. Nf5 a5 {[#]} 45. h6 $1 {[%cal Rh6h7]} Nf6 $6 {Inaccuracy. Nxh6 was best.} (45... Nxh6 46. Nxh6 Ke7 47. Rg7+ Ke6 48. Ra7 Rxd3 49. Kf2 Rd4 50. Ke3 Rxc4 51. Rxa5) 46. Rg6 Rd1+ 47. Kf2 Kf7 48. Rg7+ Kf8 49. Ke2 Rh1 50. Ra7 a4 51. Rxa4 Ng4 $6 {Inaccuracy. Rh2+ was best.} (51... Rh2+ 52. Kf1 Kg8 53. Ra6 Nh5 54. Ne7+ Kh7 55. Nxc6 Kxh6 56. Nxe5+ Kg7 57. Nd7) 52. Ra8+ Kf7 53. Ra7+ Kf6 54. h7 {Threatens to win with Kf3.} Rh3 55. Kf1 Rh2 56. Kg1 Rh5 57. Kg2 Nh2 58. Rg7 Nf1 $6 {Inaccuracy. Ng4 was best. intending ...Ne3+.} (58... Ng4 59. Rxg4 Rxh7 60. Nh4 Rh8 61. Kf2 Rd8 62. Ke3 Re8 63. Nf3 Ke6 64. Kf2) 59. Rg8 $2 {Mistake. Rc7 was best. Accuracy: White = 79%, Black = 62%.} (59. Rc7 Nd2 60. Nh6 Rxh6 61. Rxc6+ Kg7 62. Rxh6 Kxh6 63. h8=Q+ Kg6 64. Qxe5 Nb3) (59. Rc7 $142 Rh2+ 60. Kxf1 Kg6 61. Rxc6+ Kxh7 62. Ke1 Rh3 63. Kd2 Rh2+ 64. Kc3) 1-0